Quantification of mobbing in the mexican financial sector from a gender perspective = Cuantificación de mobbing en el sector financiero mexicano desde la perspectiva de género /
Guardat en:
| Autor principal: | |
|---|---|
| Altres autors: | , |
| Format: | Text |
| Etiquetes: |
Afegir etiqueta
Sense etiquetes, Sigues el primer a etiquetar aquest registre!
|
MARC
| LEADER | 00000 a a2200000 04500 | ||
|---|---|---|---|
| 001 | 48733 | ||
| 003 | |||
| 040 | |||
| 100 | |a Trujillo-Flores, Mara Maricela | ||
| 245 | |a Quantification of mobbing in the mexican financial sector from a gender perspective = |b Cuantificación de mobbing en el sector financiero mexicano desde la perspectiva de género / |c Mara Maricela Trujillo-Flores, Fernando Lámbarry-Vilchis, María de la Luz Valderrábano-Almegua | ||
| 700 | |a Lámbarry-Vilchis, Fernando | ||
| 700 | |a Valderrábano-Almegua, María de la Luz | ||
| 773 | |a volumen22, número67, (2015), páginas 211-233 | ||
| 999 | |c 20822 |d 20822 | ||
